000 00404nam a2200181Ia 4500
001 3052
005 20260306144852.0
008 260306t2001||||xx |||||||||||||| ||spa||
041 _aESP
082 _a248
_bA32
100 _aAguer, Héctor
_eAUT
245 0 _aEspíritu y fuego
260 _c2001
300 _a253 páginas :
_c19 cm.
650 _aGEN
654 _aCHU
942 _cLIB
_dJUS
_fJUS
_2ddc
_n
999 _c3052
_d3052